| 000 | 00434nam a22001697a 4500 | ||
|---|---|---|---|
| 003 | NUST - PNEC | ||
| 005 | 20170116181143.0 | ||
| 008 | 151004b xxu||||| |||| 00| 0 eng d | ||
| 020 | _a- | ||
| 040 | _cLIBRARY | ||
| 082 | _a669 GUP | ||
| 100 |
_913359 _aGupta, O. P. |
||
| 245 |
_aObjective type metallurgical engineering _cO. P. Gupta |
||
| 260 | _cc.1991 | ||
| 650 |
_913361 _ametallurgical engineering _xME |
||
| 942 |
_2ddc _cBK |
||
| 999 |
_c70596 _d70596 |
||